| 000 | 00354nam a2200145Ia 4500 | ||
|---|---|---|---|
| 008 | 150201s2003 xx 000 0 und d | ||
| 082 |
_a611 _bI2003W |
||
| 100 | _aWINTER,P.C. | ||
| 245 | _aINSTANT NOTES IN GENETICS | ||
| 250 | _a2ND | ||
| 260 |
_bVIVA BOOKS PVT.LTD.PUBLICATION _a2003 _c2003 |
||
| 300 | _a1-374 | ||
| 650 | _aGENETICS | ||
| 942 |
_2ddc _cBK |
||
| 999 |
_c3694 _d3694 |
||